Quiz Anakin Skywalker - Statistiques

Statistiques générales
  • Ce quiz a été pris 271 fois
  • Le résultat moyen est 8 sur 15
Statistiques - réponses
Réponse % Correct
Qui fut son maître jedi ? Obiwan Kenobi
85%
Qui tue Anakin Skywalker ? Obiwan Kenobi
85%
Sur quelle planète est-il né ? Tatooine
84%
A la fin de l'épisode III , quel est son prénom ? Dark Vador
82%
Comment s'appelle son épouse ? Padme Amidala
74%
Comment s'appelle le droide qui l'accompagne ? R2D2
73%
Comment se nomme son maître sith ? Dark Sidious
66%
Qui joue Anakin dans les épisodes II et III ? Hayden Christensen
56%
Quel est la phrase célèbre qu'il prononce sur Bespin ? Je suis ton père
51%
A qui s'adresse t-elle ? Luke Skywalker
49%
Quel age avait-il dans l'épisode II ? 19 ans
34%
Et dans la trilogie ? David Prowse
9%
A qui appartenait Anakin et sa mère avant d’être à Watto ? Gardulla la Hutt
3%
Quel pouvoir de la force utilise t-il le plus en tant que sith ? L'étranglement de force
3%
Quel était son occupation favorite avant d’être jedi ? La course de Pod
1%
Aucun quiz correspondant
Distribution des résultats
% des personnes avec chaque résultat
Percentile par nombre de réponses
Votre historique - résultats
Vous n’avez pas pris ce quiz